|
|
|
|
| LEADER |
00000nam a22000007a 4500 |
| 005 |
20130118105217.0 |
| 007 |
cr|||| |||| |
| 008 |
130118e2011 bl |||||s|||| 00||0 por d |
| 020 |
|
|
|a 978-85-8085-005-5
|
| 035 |
|
|
|a 6899
|
| 040 |
|
|
|a vLex
|
| 090 |
|
|
|c 3542
|d 3542
|
| 100 |
1 |
0 |
|a Lima, Altamiro de Araujo
|
| 245 |
1 |
0 |
|a Anotaė̳s ao Cd̤igo Penal (Parte Geral)
|h [Recurso electrn̤ico]
|
| 256 |
|
|
|a Servicio en ln̕ea
|
| 260 |
|
|
|a Sô Paulo :
|b Editoria mundo jurd̕ico,
|c 2011
|
| 300 |
|
|
|a 1 Recurso electrn̤ico
|
| 650 |
0 |
4 |
|a Derecho penal
|z Brasil
|
| 740 |
|
|
|a vLex Libros (Servicio en ln̕ea)
|
| 856 |
|
|
|a Acceso restringido
|u http://www.vlex.com/source/6899
|
| 942 |
|
|
|c BOOK
|